| 000 -ლიდერი |
| ფიქსირებული სიგრძის საკონტროლო ველი |
01101nam a2200217 4500 |
| 003 - საკონტროლო ნომრის იდენტიფიკატორი |
| საკონტროლო ველი |
Ge_BSU |
| 005 - ბოლო ოპერაციის თარიღი და დრო |
| საკონტროლო ველი |
20191001115312.0 |
| 008 - ფიქსირებული სიგრძის მონაცემთა ელემენტები - ზოგადი ინფორმაცია |
| ფიქსირებული სიგრძის საკონტროლო ველი |
191001s2019 ge ||||| |||| 00| 0 geo d |
| 020 ## - წიგნის საერთაშორისო სტანდარტული ნომერი |
| International Standard Book Number |
9789941298202 |
| 041 ## - ენის კოდი |
| Language code of text/sound track or separate title |
geo |
| 080 ## - უნივერსალური ათობითი კლასიფიკაციის ინდექსი |
| Universal Decimal Classification number |
82-93+821.14'01-391 ე-40 |
| 245 ## - ცნობა სათაურის შესახებ |
| Title |
ეზოპეს იგავები : |
| Remainder of title |
ნაწ. 1 / |
| Statement of responsibility, etc |
პროექტის ავტ. და რედ. თ. მამაცაშვილი ; სარედ. ჯგუფი ს. ნიკოლეიშვილი, მ. ნადირაძე და სხვ. |
| 264 ## - წარმოების, გამოცემის, დისტრიბუციის და სხვა ცნობები |
| გამოცემის, წარმოების, დისტრიბუციის... ადგილი |
თბილისი : |
| გამოცემის, წარმოების, დისტრიბუციის... სახელწოდება |
პალიტრა L , |
| გამოცემის, წარმოების, დისტრიბუციის... თარიღი |
2019. |
| 300 ## - ფიზიკური აღწერა |
| Extent |
127 გვ. : |
| Other physical details |
ილ. ; |
| Dimensions |
20 სმ. |
| 490 ## - სერიის ცნობა |
| Series statement |
მეგზური სიკეთის სამყაროში ; |
| Volume number/sequential designation |
17. |
| 653 ## - INDEX TERM--UNCONTROLLED |
| Uncontrolled term |
იგავები |
| 700 ## - ADDED ENTRY--PERSONAL NAME |
| Personal name |
მამაცაშვილი, თ. |
| Relator term |
რედაქტორი |
| 9 (RLIN) |
4410 |
| 700 ## - ADDED ENTRY--PERSONAL NAME |
| Personal name |
ნიკოლეიშვილი, ს. |
| Relator term |
რედაქტორი |
| 9 (RLIN) |
4412 |
| 700 ## - ADDED ENTRY--PERSONAL NAME |
| Personal name |
ნადირაძე, მ. |
| Relator term |
რედაქტორი |
| 9 (RLIN) |
4413 |
| 942 ## - ADDED ENTRY ELEMENTS (KOHA) |
| Source of classification or shelving scheme |
|
| Koha item type |
წიგნი |